000 00377nam a22001697a 4500
003 MPLRDC
005 20220104144044.0
008 210129b ||||| |||| 00| 0 eng d
082 _a239 QZ
100 _a不详
245 _a七真修行史传
_c
250 _a初版
260 _a
_b圣德宝宫
_c1990
300 _b
650 _a道教传记
942 _cBK
_o239 QZ
999 _c45964
_d45954